LIBRARY ONLINE CATALOGUE

Family vocation : (Record no. 21705)

MARC details
000 -LEADER
fixed length control field 01860cam a2200433 a 4500
001 - CONTROL NUMBER
control field 16936282
003 - CONTROL NUMBER IDENTIFIER
control field OSt
005 - DATE AND TIME OF LATEST TRANSACTION
control field 20260617101611.0
008 - FIXED-LENGTH DATA ELEMENTS--GENERAL INFORMATION
fixed length control field 110826s2012 ilu b 001 0 eng
010 ## - LIBRARY OF CONGRESS CONTROL NUMBER
LC control number 2011035958
020 ## - INTERNATIONAL STANDARD BOOK NUMBER
International Standard Book Number 9781433524066
Qualifying information pbk.
020 ## - INTERNATIONAL STANDARD BOOK NUMBER
International Standard Book Number 1433524066
Qualifying information pbk.
020 ## - INTERNATIONAL STANDARD BOOK NUMBER
International Standard Book Number 9781433524073
Qualifying information PDF
020 ## - INTERNATIONAL STANDARD BOOK NUMBER
International Standard Book Number 9781433524080
Qualifying information Mobipocket
020 ## - INTERNATIONAL STANDARD BOOK NUMBER
International Standard Book Number 9781433524097
Qualifying information ePub
035 ## - SYSTEM CONTROL NUMBER
System control number 16936282
040 ## - CATALOGING SOURCE
Original cataloging agency DLC
Transcribing agency DLC
Modifying agency DLC
042 ## - AUTHENTICATION CODE
Authentication code pcc
050 00 - LIBRARY OF CONGRESS CALL NUMBER
Classification number BV4526.3
Item number .V45 2012
082 00 - DEWEY DECIMAL CLASSIFICATION NUMBER
Classification number 248.8/45
Edition number 23
100 1# - MAIN ENTRY--PERSONAL NAME
Personal name Veith, Gene Edward,
Dates associated with a name 1951-
245 10 - TITLE STATEMENT
Title Family vocation :
Remainder of title God's calling in marriage, parenting, and childhood /
Statement of responsibility, etc. Gene Edward Veith, Jr. and Mary J. Moerbe.
260 ## - PUBLICATION, DISTRIBUTION, ETC. (IMPRINT)
Place of publication, distribution, etc. Wheaton, Ill. :
Name of publisher, distributor, etc. Crossway,
Date of publication, distribution, etc. c2012.
300 ## - PHYSICAL DESCRIPTION
Extent 253 p. ;
Dimensions 23 cm.
336 ## - CONTENT TYPE
Content type term text
Content type code txt
Source rdacontent
337 ## - MEDIA TYPE
Media type term unmediated
Media type code n
Source rdamedia
338 ## - CARRIER TYPE
Carrier type term volume
Carrier type code nc
Source rdacarrier
504 ## - BIBLIOGRAPHY, ETC. NOTE
Bibliography, etc Includes bibliographical references (p. 235-236) and indexes.
505 0# - FORMATTED CONTENTS NOTE
Formatted contents note Introduction : confusing the family -- Vocation in the nourishing estate -- Marriage -- The office of husband -- The office of wife -- Sex and vocation -- The crosses of marriage -- Parenthood -- The office of father -- The office of mother -- Raising children -- The crosses of parenthood -- Childhood -- Growing -- The crosses of childhood -- The rest of the family -- Conclusion : restoring the family.
583 ## - ACTION NOTE
Action Cataloguing:
Time/date of action 20260617
Action agent gtanuigtanui
650 #0 - SUBJECT ADDED ENTRY--TOPICAL TERM
Topical term or geographic name as entry element Families
General subdivision Religious life.
650 #0 - SUBJECT ADDED ENTRY--TOPICAL TERM
Topical term or geographic name as entry element Vocation
General subdivision Lutheran Church.
650 #0 - SUBJECT ADDED ENTRY--TOPICAL TERM
Topical term or geographic name as entry element Lutheran Church
General subdivision Doctrines.
700 1# - ADDED ENTRY--PERSONAL NAME
Personal name Moerbe, Mary J.,
Dates associated with a name 1980-
906 ## - LOCAL DATA ELEMENT F, LDF (RLIN)
a 7
b cbc
c orignew
d 1
e ecip
f 20
g y-gencatlg
942 ## - ADDED ENTRY ELEMENTS (KOHA)
Source of classification or shelving scheme Library of Congress Classification
Koha item type General Collection
Holdings
Withdrawn status Lost status Source of classification or shelving scheme Not for loan Home library Current library Shelving location Date acquired Source of acquisition Inventory number Total Checkouts Full call number Barcode Date last seen Copy number Price effective from Koha item type
    Library of Congress Classification   Kabarak, Main Campus Kabarak, Main Campus General Stacks 17/06/2026 Donation 2026/4485   BV4526.3 .V45 2012 C.1 38119 17/06/2026 C.1 17/06/2026 General Collection